[Event "81st ch-GER"]
[Site "Bad Liebenzell GER"]
[Date "2010.03.08"]
[Round "4"]
[White "Lubbe,N"]
[Black "Hirneise,T"]
[Result "1/2-1/2"]
[WhiteElo "2353"]
[BlackElo "2438"]
[EventDate "2010.03.05"]

1. e4 c5 2. Nf3 d6 3. d4 cxd4 4. Nxd4 Nf6 5. Nc3 a6 6. f3 e6 7. Be3 b5 8.
Qd2 b4 9. Nce2 e5 10. Nb3 a5 11. Rd1 Be7 12. c4 Be6 13. Ng3 O-O 14. Nc1 Nc6
15. b3 Nd7 16. Nf5 Bxf5 17. exf5 Nd4 18. Bxd4 exd4 19. Qxd4 Bf6 20. Qxd6
Be5 21. Qxd7 Bc3+ 22. Kf2 Qb6+ 23. c5 Qxc5+ 24. Kg3 Qe5+ 25. Kf2 Qc5+ 26.
Kg3 Qe5+ 27. Kh3 Rad8 28. Qxd8 Qxf5+ 29. Kg3 Qe5+ 30. Kh4 Qf4+ 31. g4 Be1+
32. Rxe1 Rxd8 33. Be2 h5 34. Kh3 Rd2 35. Rhf1 hxg4+ 36. fxg4 Qh6+ 37. Kg2
Qc6+ 38. Kg1 Qc5+ 39. Kh1 Rc2 40. Bf3 g6 41. Be4 Rd2 42. Rd1 Qd6 43. Rxd2
Qxd2 44. Bf3 Kg7 45. Kg1 Qe3+ 46. Kg2 Qd2+ 47. Kg3 Qd6+ 48. Kg2 Qd2+ 49.
Kh1 Kh6 50. h4 Kg7 51. Kg1 Qd8 52. h5 gxh5 53. gxh5 Qg5+ 54. Kf2 Qd2+ 55.
Be2 Qf4+ 56. Kg2 Qg5+ 57. Kh3 Qe3+ 58. Bf3 Qd2 59. Rg1+ Kh8 60. Rd1 Qe3 61.
Kg2 Qg5+ 62. Kf1 Qe3 63. Be2 Qh3+ 64. Kf2 Qh2+ 65. Ke3 Qe5+ 66. Kd3 Qc3+
67. Ke4 Qc6+ 68. Kd4 Qc3+ 69. Kd5 Qc2 70. Rf1 Kg7 71. Bc4 f5 72. Kc5 Qe4
73. Kb5 Qe5+ 74. Ka4 Kf6 75. Bb5 Qc7 76. Bd3 f4 77. Ne2 Ke5 78. Nxf4 Qd7+
79. Bb5 Qd2 80. Rf2 Qc3 81. Nd3+ Kd4 82. h6 Qc7 83. Rf4+ Kd5 84. Rh4 Qc2
85. Kxa5 Qc7+ 1/2-1/2